| 000 | 01290cam a2200289 4500 | ||
|---|---|---|---|
| 008 | 040301n2004 000 0 eng u | ||
| 020 | _a1842191837 | ||
| 035 | _a(Sirsi) u125283 | ||
| 041 | _aeng | ||
| 050 |
_a333.72 _c18 |
||
| 100 | _aHirigoyen, Julie | ||
| 245 |
_aSustainability and the built environment _ban agenda for action _h[electronic resource] |
||
| 260 |
_aLondon _bRICS Foundation _c2004 |
||
| 300 |
_a19p. _c30cm. |
||
| 490 | _aRICS Foundation Scoping Studies | ||
| 520 | _aThis report explores the barriers to achieving sustainability in the built environment, and identifies a number of key areas where change is needed. Suggestions for further action cover: market demand; government leadership; pricing signals and mismatching costs and benefits; and information and skills. | ||
| 650 | _aBUILT ENVIRONMENT | ||
| 650 | _aSUSTAINABLE DEVELOPMENT | ||
| 650 |
_aSustainability _96271 |
||
| 650 | _aPROPERTY-COMMERCIAL PROPERTY | ||
| 690 | _aDEVELOPMENT-SUSTAINABLE | ||
| 700 | _aCadman, David | ||
| 710 |
_aRoyal Institution of Chartered Surveyors _bFoundation _94173 |
||
| 710 |
_aUpstream _94660 |
||
| 856 |
_uhttps://www.rics.org/Global/Downloads/SustainabilityBuiltEnvironment200410.pdf _zView the report on the RICS Foundation website... |
||
| 942 | _n0 | ||
| 999 |
_c103368 _d103368 |
||